[Event "WLC A groep"]
[Site "Eindhoven, Netherlands"]
[Date "2019.05.25"]
[Round "3.2"]
[White "Van Dael, Siem"]
[Black "Swinkels, Robin"]
[Result "0-1"]
[WhiteElo "2218"]
[BlackElo "2492"]
[PlyCount "152"]
[EventDate "2019.??.??"]

1. e4 {[%emt 0:00:02]} c5 {[%emt 0:00:17]} 2. Nf3 {[%emt 0:00:06]} d6 {[%emt 0:
00:02]} 3. d4 {[%emt 0:00:06]} cxd4 {[%emt 0:00:04]} 4. Nxd4 {[%emt 0:00:06]}
Nf6 {[%emt 0:00:02]} 5. Nc3 {[%emt 0:00:09]} Nc6 {[%emt 0:00:03]} 6. Bg5 {
[%emt 0:00:35]} e6 {[%emt 0:01:24]} 7. Qd2 {[%emt 0:01:59]} a6 {[%emt 0:00:40]}
8. O-O-O {[%emt 0:00:34]} Bd7 {[%emt 0:00:02]} 9. f3 {[%emt 0:01:21]} Be7 {
[%emt 0:01:57]} 10. h4 {[%emt 0:01:15]} h6 {[%emt 0:00:15]} 11. Be3 {[%emt 0:
00:22]} h5 {[%emt 0:00:03]} 12. Kb1 {[%emt 0:06:51]} Qc7 {[%emt 0:05:26]} 13.
Qf2 {[%emt 0:11:43]} Ne5 {[%emt 0:06:45]} 14. Nb3 {[%emt 0:03:04]} b5 {[%emt 0:
04:04]} 15. Bb6 {[%emt 0:01:37]} Qb8 {[%emt 0:02:51]} 16. a3 {[%emt 0:01:52]}
O-O {[%emt 0:03:20]} 17. Be2 {[%emt 0:05:07]} Rc8 {[%emt 0:01:48]} 18. f4 {
[%emt 0:15:21]} Neg4 {[%emt 0:11:08]} 19. Bxg4 {[%emt 0:00:39]} Nxg4 {[%emt 0:
00:07]} 20. Qg1 {[%emt 0:01:14]} Bc6 {[%emt 0:08:06]} 21. Na5 {[%emt 0:08:49]}
d5 {[%emt 0:03:59]} 22. exd5 {[%emt 0:11:05]} Bxd5 {[%emt 0:00:18]} 23. Nxd5 {
[%emt 0:04:13]} exd5 {[%emt 0:00:03]} 24. Rxd5 {[%emt 0:01:56]} Qxf4 {[%emt 0:
00:43]} 25. Qd4 {[%emt 0:00:36]} Qxd4 {[%emt 0:17:40]} 26. Bxd4 {[%emt 0:00:09]
} g6 {[%emt 0:05:56]} 27. Rd7 {[%emt 0:07:19]} Rd8 {[%emt 0:01:59]} 28. Rxd8+ {
[%emt 0:02:15]} Bxd8 {[%emt 0:00:04]} 29. Nc6 {[%emt 0:00:17]} Nh6 {[%emt 0:02:
16]} 30. Be5 {[%emt 0:08:11]} Nf5 {[%emt 0:00:18]} 31. Nxd8 {[%emt 0:00:16]}
Rxd8 {[%emt 0:00:03]} 32. Bf4 {[%emt 0:01:12]} f6 {[%emt 0:00:57]} 33. g3 {
[%emt 0:00:48]} Kf7 {[%emt 0:00:03]} 34. Re1 {[%emt 0:00:40]} Rg8 {[%emt 0:01:
56]} 35. Rh1 {[%emt 0:01:56]} Ke6 {[%emt 0:00:07]} 36. Re1+ {[%emt 0:00:30]}
Kf7 {[%emt 0:04:13]} 37. Rh1 {[%emt 0:00:04]} Ne7 {[%emt 0:04:37]} 38. Bd6 {
[%emt 0:01:29]} Nc6 {[%emt 0:01:24]} 39. Rf1 {[%emt 0:01:47]} Ke6 {[%emt 0:01:
38]} 40. Bf4 {[%emt 0:00:33]} g5 {[%emt 0:00:46]} 41. hxg5 {[%emt 0:00:36]}
fxg5 {[%emt 0:00:02]} 42. Bd2 {[%emt 0:00:21]} h4 {[%emt 0:02:10]} 43. gxh4 {
[%emt 0:01:58]} gxh4 {[%emt 0:00:02]} 44. Bc3 {[%emt 0:00:35]} Rg6 {[%emt 0:00:
11]} 45. Rh1 {[%emt 0:00:44]} Rh6 {[%emt 0:00:14]} 46. Bd2 {[%emt 0:00:31]} Rh5
{[%emt 0:00:22]} 47. Be1 {[%emt 0:00:18]} h3 {[%emt 0:00:04]} 48. Bg3 {[%emt 0:
00:03]} Nd4 {[%emt 0:02:01]} 49. Re1+ {[%emt 0:00:34]} Kd5 {[%emt 0:03:36]} 50.
Rh1 {[%emt 0:01:07]} Nf3 {[%emt 0:00:29]} 51. b3 {[%emt 0:00:29]} Ke4 {[%emt 0:
01:05]} 52. Kb2 {[%emt 0:00:28]} h2 {[%emt 0:00:13]} 53. a4 {[%emt 0:00:33]} b4
{[%emt 0:01:12]} 54. Bd6 {[%emt 0:00:29]} a5 {[%emt 0:01:07]} 55. Bc7 {[%emt 0:
00:23]} Ke3 {[%emt 0:03:24]} 56. Bb6+ {[%emt 0:00:36]} Kd2 {[%emt 0:00:18]} 57.
Bc7 {[%emt 0:00:28]} Ke2 {[%emt 0:01:10]} 58. Bg3 {[%emt 0:00:32]} Rh3 {
[%emt 0:00:43]} 59. Bc7 {[%emt 0:00:27]} Rh5 {[%emt 0:00:28]} 60. Bg3 {[%emt 0:
00:10]} Ke3 {[%emt 0:00:14]} 61. Bc7 {[%emt 0:00:55]} Kf2 {[%emt 0:00:09]} 62.
Bxh2 {[%emt 0:00:30]} Rxh2 {[%emt 0:00:14]} 63. Rd1 {[%emt 0:00:05]} Ke3 {
[%emt 0:00:59]} 64. Rd5 {[%emt 0:00:43]} Nd4 {[%emt 0:00:09]} 65. Re5+ {
[%emt 0:00:36]} Kf4 {[%emt 0:00:22]} 66. Rxa5 {[%emt 0:00:04]} Rxc2+ {[%emt 0:
00:37]} 67. Kb1 {[%emt 0:00:11]} Rc3 {[%emt 0:00:23]} 68. Ra8 {[%emt 0:00:39]}
Rxb3+ {[%emt 0:00:08]} 69. Ka2 {[%emt 0:00:21]} Rh3 {[%emt 0:02:08]} 70. a5 {
[%emt 0:00:23]} Rh2+ {[%emt 0:00:03]} 71. Kb1 {[%emt 0:00:04]} Rh1+ {[%emt 0:
01:06]} 72. Kb2 {[%emt 0:00:05]} Rh2+ {[%emt 0:00:03]} 73. Kb1 {[%emt 0:00:04]}
b3 {[%emt 0:00:23]} 74. a6 {[%emt 0:00:38]} Nb5 {[%emt 0:00:29]} 75. Rb8 {
[%emt 0:00:21]} Nc3+ {[%emt 0:00:05]} 76. Kc1 {[%emt 0:00:07]} Rc2# {[%emt 0:
00:02]} 0-1

[Event "WLC A groep"]
[Site "Eindhoven, Netherlands"]
[Date "2019.05.25"]
[Round "3.3"]
[White "Beerdsen, Thomas"]
[Black "Van Doren, Bas"]
[Result "1-0"]
[WhiteElo "2483"]
[BlackElo "1956"]
[PlyCount "41"]
[EventDate "2019.??.??"]

1. e4 {[%emt 0:01:15]} c5 {[%emt 0:00:06]} 2. Nf3 {[%emt 0:00:06]} e6 {[%emt 0:
00:04]} 3. d4 {[%emt 0:00:17]} cxd4 {[%emt 0:00:04]} 4. Nxd4 {[%emt 0:00:04]}
a6 {[%emt 0:00:06]} 5. Nc3 {[%emt 0:00:53]} b5 {[%emt 0:00:32]} 6. Bd3 {
[%emt 0:00:41]} Qb6 {[%emt 0:00:06]} 7. Nf3 {[%emt 0:00:12]} Bc5 {[%emt 0:03:
13]} 8. O-O {[%emt 0:00:18]} Ne7 {[%emt 0:05:06]} 9. e5 {[%emt 0:01:27]} Bb7 {
[%emt 0:03:06]} 10. a4 {[%emt 0:05:27]} b4 {[%emt 0:01:11]} 11. Ne4 {[%emt 0:
00:07]} Bxe4 {[%emt 0:02:21]} 12. Bxe4 {[%emt 0:00:04]} Nbc6 {[%emt 0:00:38]}
13. Bf4 {[%emt 0:02:31]} h6 {[%emt 0:10:25]} 14. Qd2 {[%emt 0:09:10]} g5 {
[%emt 0:04:30]} 15. a5 {[%emt 0:10:10]} Qc7 {[%emt 0:02:41]} 16. Bg3 {[%emt 0:
05:00]} O-O-O {[%emt 0:03:18]} 17. c3 {[%emt 0:09:59]} g4 {[%emt 0:13:16]} 18.
Nd4 {[%emt 0:01:29]} Nxe5 {[%emt 0:02:43]} 19. Qe2 {[%emt 0:04:22]} d5 {
[%emt 0:00:48]} 20. Qxa6+ {[%emt 0:01:42]} Kb8 {[%emt 0:03:24]} 21. Nb5 {
[%emt 0:00:55]} 1-0

[Event "WLC A groep"]
[Site "Eindhoven, Netherlands"]
[Date "2019.05.25"]
[Round "3.4"]
[White "Slagboom, Leandro"]
[Black "Van Dooren, Dirk"]
[Result "1/2-1/2"]
[WhiteElo "1837"]
[BlackElo "2360"]
[PlyCount "100"]
[EventDate "2019.??.??"]

{[%evp 0,100,37,21,63,39,7,3,0,-62,6,2,4,1,8,8,22,39,35,35,40,28,22,-34,-34,
-34,-32,-39,-47,-44,-45,-38,-44,-44,-56,-35,-38,-48,-42,-43,-36,-36,-5,-39,-39,
-25,-40,-35,-44,-45,11,1,11,-47,-23,-23,-23,-33,-10,-41,-47,-47,-37,-42,-44,
-45,-45,-50,-47,-48,-50,-43,-41,-54,-75,-102,-106,-121,-121,-135,-108,-93,-105,
-108,-132,-109,-108,-105,-105,-117,-135,-135,-135,-135,-135,-135,-135,-135,-29,
-135,-29,-122,-122]} 1. Nf3 {[%emt 0:00:02]} c5 {[%emt 0:00:11]} 2. c4 {
[%emt 0:00:12]} Nc6 {[%emt 0:00:09]} 3. b3 {[%emt 0:00:09]} e5 {[%emt 0:00:45]}
4. Bb2 {[%emt 0:00:37]} d6 {[%emt 0:00:12]} 5. d3 {[%emt 0:00:08]} g6 {[%emt 0:
00:18]} 6. g3 {[%emt 0:00:10]} Bg7 {[%emt 0:00:05]} 7. Bg2 {[%emt 0:00:08]}
Nge7 {[%emt 0:00:14]} 8. O-O {[%emt 0:00:14]} O-O {[%emt 0:00:05]} 9. Nc3 {
[%emt 0:00:13]} h6 {[%emt 0:01:48]} 10. Ne1 {[%emt 0:01:21]} Be6 {[%emt 0:00:
49]} 11. a3 {[%emt 0:01:23]} d5 {[%emt 0:02:28]} 12. cxd5 {[%emt 0:01:42]} Nxd5
{[%emt 0:00:05]} 13. Rc1 {[%emt 0:04:01]} Nxc3 {[%emt 0:12:54]} 14. Bxc3 {
[%emt 0:00:58]} Qb6 {[%emt 0:02:38]} 15. b4 {[%emt 0:05:47]} cxb4 {[%emt 0:01:
58]} 16. axb4 {[%emt 0:02:07]} Rac8 {[%emt 0:00:53]} 17. Nc2 {[%emt 0:11:55]}
Rfd8 {[%emt 0:07:48]} 18. Qd2 {[%emt 0:06:14]} a6 {[%emt 0:00:56]} 19. Rb1 {
[%emt 0:08:33]} Rd7 {[%emt 0:05:16]} 20. Rfc1 {[%emt 0:02:01]} Kh7 {[%emt 0:02:
51]} 21. Na3 {[%emt 0:07:02]} Nd4 {[%emt 0:09:05]} 22. Bxd4 {[%emt 0:02:17]}
Rxc1+ {[%emt 0:00:14]} 23. Qxc1 {[%emt 0:02:04]} Qxd4 {[%emt 0:05:50]} 24. Qc5
{[%emt 0:04:57]} Qxc5 {[%emt 0:03:40]} 25. bxc5 {[%emt 0:00:07]} Bf8 {[%emt 0:
00:03]} 26. Rxb7 {[%emt 0:01:35]} Bxc5 {[%emt 0:00:32]} 27. Nc4 {[%emt 0:02:50]
} f6 {[%emt 0:03:04]} 28. Bc6 {[%emt 0:01:46]} Rg7 {[%emt 0:00:21]} 29. Rxg7+ {
[%emt 0:00:21]} Kxg7 {[%emt 0:00:06]} 30. Bb7 {[%emt 0:00:20]} Bxc4 {[%emt 0:
00:10]} 31. dxc4 {[%emt 0:00:09]} a5 {[%emt 0:00:03]} 32. Bc6 {[%emt 0:00:20]}
Kf7 {[%emt 0:00:09]} 33. h4 {[%emt 0:00:50]} Ke6 {[%emt 0:00:14]} 34. Kg2 {
[%emt 0:01:46]} Kd6 {[%emt 0:00:54]} 35. Be8 {[%emt 0:00:52]} Bb6 {[%emt 0:01:
02]} 36. Bxg6 {[%emt 0:07:40]} Kc5 {[%emt 0:00:53]} 37. f4 {[%emt 0:02:26]}
exf4 {[%emt 0:07:24]} 38. gxf4 {[%emt 0:00:10]} a4 {[%emt 0:00:05]} 39. Kf3 {
[%emt 0:07:15]} h5 {[%emt 0:01:11]} 40. Bc2 {[%emt 0:01:22]} a3 {[%emt 0:00:04]
} 41. Bb3 {[%emt 0:00:34]} f5 {[%emt 0:04:20]} 42. Ba2 {[%emt 0:01:26]} Kd4 {
[%emt 0:00:44]} 43. c5 {[%emt 0:00:46]} Bxc5 {[%emt 0:00:06]} 44. Be6 {[%emt 0:
03:17]} Be7 {[%emt 0:00:40]} 45. e3+ {[%emt 0:00:26]} Kc3 {[%emt 0:00:10]} 46.
e4 {[%emt 0:00:44]} fxe4+ {[%emt 0:00:24]} 47. Kxe4 {[%emt 0:00:07]} Bxh4 {
[%emt 0:00:04]} 48. f5 {[%emt 0:00:43]} Kd2 {[%emt 0:00:11]} 49. Kf3 {[%emt 0:
00:58]} Ke1 {[%emt 0:00:05]} 50. Kg2 {[%emt 0:00:21]} Bf6 {[%emt 0:00:05]}
1/2-1/2

[Event "WLC A groep"]
[Site "Eindhoven, Netherlands"]
[Date "2019.05.25"]
[Round "3.5"]
[White "Van Foreest, Lucas"]
[Black "Becx, Cesar"]
[Result "1-0"]
[WhiteElo "2529"]
[BlackElo "2071"]
[PlyCount "65"]
[EventDate "2019.??.??"]

1. e4 {[%emt 0:00:59]} e5 {[%emt 0:00:05]} 2. Nf3 {[%emt 0:00:05]} Nc6 {
[%emt 0:00:08]} 3. Bc4 {[%emt 0:00:31]} Nf6 {[%emt 0:00:58]} 4. d3 {[%emt 0:00:
10]} Be7 {[%emt 0:00:13]} 5. O-O {[%emt 0:00:07]} O-O {[%emt 0:00:16]} 6. Re1 {
[%emt 0:00:05]} d6 {[%emt 0:00:37]} 7. a4 {[%emt 0:00:04]} h6 {[%emt 0:00:57]}
8. c3 {[%emt 0:01:36]} Nh7 {[%emt 0:00:53]} 9. a5 {[%emt 0:12:19]} a6 {[%emt 0:
00:06]} 10. Nbd2 {[%emt 0:16:18]} Ng5 {[%emt 0:12:42]} 11. Qb3 {[%emt 0:00:25]}
Rb8 {[%emt 0:07:45]} 12. h3 {[%emt 0:06:57]} Bf6 {[%emt 0:05:48]} 13. Nh2 {
[%emt 0:08:33]} Ne7 {[%emt 0:09:07]} 14. Bxa6 {[%emt 0:09:15]} Bxh3 {[%emt 0:
01:21]} 15. Bxb7 {[%emt 0:01:20]} Ne6 {[%emt 0:11:18]} 16. gxh3 {[%emt 0:04:09]
} Nc5 {[%emt 0:00:34]} 17. Qc4 {[%emt 0:00:22]} Rxb7 {[%emt 0:04:01]} 18. Ndf3
{[%emt 0:02:19]} Nb3 {[%emt 0:08:05]} 19. a6 {[%emt 0:00:27]} Rb8 {[%emt 0:03:
59]} 20. a7 {[%emt 0:00:41]} Nxa1 {[%emt 0:00:10]} 21. axb8=R {[%emt 0:00:14]}
Qxb8 {[%emt 0:00:32]} 22. b4 {[%emt 0:04:13]} Qa7 {[%emt 0:01:57]} 23. Ng4 {
[%emt 0:00:24]} Bg5 {[%emt 0:06:51]} 24. Nxg5 {[%emt 0:00:38]} hxg5 {[%emt 0:
00:05]} 25. Bxg5 {[%emt 0:00:06]} Nc8 {[%emt 0:01:30]} 26. Be3 {[%emt 0:03:20]}
Qa4 {[%emt 0:00:54]} 27. Kh2 {[%emt 0:00:35]} Nc2 {[%emt 0:02:21]} 28. Rg1 {
[%emt 0:00:04]} Nxe3 {[%emt 0:02:10]} 29. Nxe3 {[%emt 0:00:54]} Qa7 {[%emt 0:
00:27]} 30. d4 {[%emt 0:03:46]} Nb6 {[%emt 0:07:02]} 31. Qe2 {[%emt 0:00:05]}
exd4 {[%emt 0:03:42]} 32. Nf5 {[%emt 0:00:12]} g6 {[%emt 0:00:55]} 33. Qh5 {
[%emt 0:01:08]} 1-0

[Event "WLC A groep"]
[Site "Eindhoven, Netherlands"]
[Date "2019.05.25"]
[Round "3.6"]
[White "Baselmans, Luuk"]
[Black "Simons, Rudy"]
[Result "1-0"]
[WhiteElo "2329"]
[BlackElo "1997"]
[PlyCount "87"]
[EventDate "2019.??.??"]

1. e4 {[%emt 0:00:02]} c5 {[%emt 0:00:11]} 2. Nf3 {[%emt 0:00:13]} d6 {[%emt 0:
00:09]} 3. Bb5+ {[%emt 0:00:08]} Nd7 {[%emt 0:00:10]} 4. Ba4 {[%emt 0:00:13]}
Ngf6 {[%emt 0:00:11]} 5. O-O {[%emt 0:00:10]} g6 {[%emt 0:11:31]} 6. Re1 {
[%emt 0:01:36]} Bg7 {[%emt 0:00:16]} 7. c3 {[%emt 0:00:31]} O-O {[%emt 0:05:02]
} 8. d4 {[%emt 0:00:17]} e5 {[%emt 0:01:31]} 9. Bg5 {[%emt 0:03:35]} Qc7 {
[%emt 0:03:07]} 10. Nbd2 {[%emt 0:04:52]} a6 {[%emt 0:01:58]} 11. Nf1 {[%emt 0:
05:49]} b5 {[%emt 0:00:30]} 12. Bc2 {[%emt 0:00:09]} Bb7 {[%emt 0:00:44]} 13.
Ng3 {[%emt 0:01:19]} h6 {[%emt 0:05:21]} 14. Bxf6 {[%emt 0:03:48]} Nxf6 {
[%emt 0:02:24]} 15. a4 {[%emt 0:02:19]} Rfe8 {[%emt 0:08:56]} 16. d5 {[%emt 0:
02:56]} c4 {[%emt 0:04:05]} 17. h4 {[%emt 0:02:26]} h5 {[%emt 0:00:30]} 18. Ng5
{[%emt 0:01:43]} Qe7 {[%emt 0:11:23]} 19. Nf1 {[%emt 0:06:36]} Bh6 {[%emt 0:02:
12]} 20. Nf3 {[%emt 0:02:13]} Ng4 {[%emt 0:04:57]} 21. g3 {[%emt 0:00:50]} Reb8
{[%emt 0:01:26]} 22. Qe2 {[%emt 0:04:17]} Bc8 {[%emt 0:04:13]} 23. N3h2 {
[%emt 0:01:13]} Bd7 {[%emt 0:01:57]} 24. Nxg4 {[%emt 0:02:35]} Bxg4 {[%emt 0:
00:15]} 25. f3 {[%emt 0:00:11]} Bd7 {[%emt 0:04:16]} 26. Qf2 {[%emt 0:03:02]}
b4 {[%emt 0:03:44]} 27. Bd1 {[%emt 0:02:50]} bxc3 {[%emt 0:07:10]} 28. bxc3 {
[%emt 0:00:09]} g5 {[%emt 0:01:04]} 29. hxg5 {[%emt 0:05:24]} Qxg5 {[%emt 0:00:
25]} 30. Re2 {[%emt 0:01:07]} h4 {[%emt 0:00:51]} 31. Qh2 {[%emt 0:02:46]} h3 {
[%emt 0:05:36]} 32. Kh1 {[%emt 0:04:43]} Qf6 {[%emt 0:02:57]} 33. Rf2 {[%emt 0:
01:38]} Rb7 {[%emt 0:00:53]} 34. Rb2 {[%emt 0:02:57]} Rab8 {[%emt 0:01:16]} 35.
Rab1 {[%emt 0:00:07]} Rxb2 {[%emt 0:01:31]} 36. Rxb2 {[%emt 0:00:05]} Rxb2 {
[%emt 0:00:21]} 37. Qxb2 {[%emt 0:00:05]} Bxa4 {[%emt 0:01:05]} 38. Bxa4 {
[%emt 0:01:10]} Qxf3+ {[%emt 0:00:07]} 39. Kg1 {[%emt 0:00:13]} Bc1 {[%emt 0:
02:54]} 40. Qf2 {[%emt 0:04:18]} Qxc3 {[%emt 0:00:46]} 41. Kh2 {[%emt 0:01:49]}
Qb2 {[%emt 0:00:25]} 42. Qxb2 {[%emt 0:00:24]} Bxb2 {[%emt 0:00:02]} 43. Ne3 {
[%emt 0:01:16]} c3 {[%emt 0:00:12]} 44. Nc4 {[%emt 0:00:47]} 1-0

[Event "WLC A groep"]
[Site "Eindhoven, Netherlands"]
[Date "2019.05.25"]
[Round "4.1"]
[White "Bok, Benjamin"]
[Black "Beerdsen, Thomas"]
[Result "1/2-1/2"]
[WhiteElo "2632"]
[BlackElo "2483"]
[PlyCount "137"]
[EventDate "2019.??.??"]

1. Nf3 {[%emt 0:08:39]} c5 {[%emt 0:00:06]} 2. c4 {[%emt 0:00:18]} Nf6 {
[%emt 0:00:28]} 3. Nc3 {[%emt 0:01:56]} Nc6 {[%emt 0:00:06]} 4. g3 {[%emt 0:00:
08]} d5 {[%emt 0:00:06]} 5. d4 {[%emt 0:03:01]} e6 {[%emt 0:00:08]} 6. cxd5 {
[%emt 0:00:07]} exd5 {[%emt 0:00:04]} 7. Bg2 {[%emt 0:00:14]} cxd4 {[%emt 0:00:
08]} 8. Nxd4 {[%emt 0:00:16]} Bc5 {[%emt 0:00:04]} 9. Nb3 {[%emt 0:11:04]} Bb6
{[%emt 0:00:04]} 10. O-O {[%emt 0:00:48]} d4 {[%emt 0:01:30]} 11. Na4 {[%emt 0:
00:49]} O-O {[%emt 0:07:52]} 12. Bg5 {[%emt 0:10:21]} Be6 {[%emt 0:05:30]} 13.
Nbc5 {[%emt 0:08:05]} Bxc5 {[%emt 0:11:18]} 14. Nxc5 {[%emt 0:00:35]} Qb6 {
[%emt 0:00:45]} 15. Rc1 {[%emt 0:05:32]} Nd5 {[%emt 0:06:05]} 16. Nxe6 {
[%emt 0:15:25]} fxe6 {[%emt 0:00:04]} 17. Qb3 {[%emt 0:00:38]} Qxb3 {[%emt 0:
03:43]} 18. axb3 {[%emt 0:00:01]} h6 {[%emt 0:02:13]} 19. Bd2 {[%emt 0:00:10]}
Rfd8 {[%emt 0:03:19]} 20. Rc5 {[%emt 0:04:34]} Rd6 {[%emt 0:06:48]} 21. b4 {
[%emt 0:11:22]} Ncxb4 {[%emt 0:05:53]} 22. Bxb4 {[%emt 0:01:02]} Nxb4 {[%emt 0:
00:04]} 23. Bxb7 {[%emt 0:00:37]} Rb8 {[%emt 0:01:26]} 24. Be4 {[%emt 0:01:02]}
d3 {[%emt 0:03:28]} 25. exd3 {[%emt 0:03:13]} Nxd3 {[%emt 0:00:11]} 26. Rc7 {
[%emt 0:05:07]} Nxb2 {[%emt 0:01:07]} 27. Rxa7 {[%emt 0:05:04]} Rbd8 {[%emt 0:
12:55]} 28. Rc1 {[%emt 0:03:51]} Rd1+ {[%emt 0:01:13]} 29. Rxd1 {[%emt 0:00:01]
} Nxd1 {[%emt 0:00:08]} 30. Rc7 {[%emt 0:01:09]} Nb2 {[%emt 0:08:22]} 31. Bg6 {
[%emt 0:00:16]} e5 {[%emt 0:01:38]} 32. Rc2 {[%emt 0:00:14]} Na4 {[%emt 0:01:
33]} 33. Rc7 {[%emt 0:00:53]} Nb6 {[%emt 0:00:36]} 34. Re7 {[%emt 0:00:39]} Nc4
{[%emt 0:00:36]} 35. Re6 {[%emt 0:00:31]} Rf8 {[%emt 0:03:06]} 36. Kg2 {
[%emt 0:00:25]} Rf6 {[%emt 0:01:39]} 37. Re8+ {[%emt 0:00:04]} Rf8 {[%emt 0:00:
03]} 38. Bh7+ {[%emt 0:00:45]} Kf7 {[%emt 0:00:05]} 39. Bg6+ {[%emt 0:00:03]}
Kg8 {[%emt 0:00:05]} 40. Re7 {[%emt 0:00:03]} Rf6 {[%emt 0:00:17]} 41. Bh5 {
[%emt 0:00:37]} Nd6 {[%emt 0:01:44]} 42. Rxe5 {[%emt 0:00:33]} Rf5 {[%emt 0:00:
04]} 43. Rxf5 {[%emt 0:01:30]} Nxf5 {[%emt 0:00:05]} 44. Kf3 {[%emt 0:00:06]}
Kf8 {[%emt 0:01:35]} 45. Ke4 {[%emt 0:00:19]} Nd6+ {[%emt 0:00:13]} 46. Ke5 {
[%emt 0:00:06]} Ke7 {[%emt 0:00:04]} 47. Bf3 {[%emt 0:01:00]} g6 {[%emt 0:02:
40]} 48. Bd5 {[%emt 0:00:28]} Ne8 {[%emt 0:00:09]} 49. f3 {[%emt 0:01:05]} Nf6
{[%emt 0:00:49]} 50. Be6 {[%emt 0:00:22]} Nh7 {[%emt 0:00:43]} 51. Bd5 {
[%emt 0:00:40]} Nf6 {[%emt 0:00:29]} 52. Bc6 {[%emt 0:00:29]} Nh7 {[%emt 0:00:
26]} 53. h4 {[%emt 0:00:32]} Nf6 {[%emt 0:01:11]} 54. g4 {[%emt 0:00:26]} Nh7 {
[%emt 0:00:30]} 55. Bb5 {[%emt 0:00:32]} Nf6 {[%emt 0:00:26]} 56. g5 {[%emt 0:
00:33]} hxg5 {[%emt 0:00:11]} 57. hxg5 {[%emt 0:00:05]} Nh7 {[%emt 0:02:33]}
58. f4 {[%emt 0:00:25]} Kf7 {[%emt 0:01:10]} 59. Bd3 {[%emt 0:00:56]} Kg7 {
[%emt 0:00:05]} 60. Ke6 {[%emt 0:00:35]} Nf8+ {[%emt 0:00:05]} 61. Ke7 {
[%emt 0:00:10]} Nh7 {[%emt 0:00:04]} 62. Be4 {[%emt 0:00:49]} Nf8 {[%emt 0:00:
06]} 63. Bf3 {[%emt 0:00:33]} Nh7 {[%emt 0:00:05]} 64. Bg4 {[%emt 0:00:11]} Nf8
{[%emt 0:00:05]} 65. f5 {[%emt 0:00:48]} gxf5 {[%emt 0:00:05]} 66. Bxf5 {
[%emt 0:00:05]} Ng6+ {[%emt 0:00:04]} 67. Bxg6 {[%emt 0:00:04]} Kxg6 {[%emt 0:
00:04]} 68. Ke6 {[%emt 0:00:02]} Kxg5 {[%emt 0:00:05]} 69. Ke5 {[%emt 0:00:02]}
1/2-1/2

[Event "WLC A groep"]
[Site "Eindhoven, Netherlands"]
[Date "2019.05.25"]
[Round "4.2"]
[White "Swinkels, Robin"]
[Black "Van Foreest, Lucas"]
[Result "1/2-1/2"]
[WhiteElo "2492"]
[BlackElo "2529"]
[PlyCount "36"]
[EventDate "2019.??.??"]

1. d4 Nf6 {[%emt 0:08:21]} 2. c4 {[%emt 0:00:04]} g6 {[%emt 0:00:16]} 3. g3 {
[%emt 0:00:08]} Bg7 {[%emt 0:00:06]} 4. Bg2 {[%emt 0:00:04]} O-O {[%emt 0:00:
10]} 5. Nc3 {[%emt 0:00:10]} d6 {[%emt 0:00:11]} 6. Nf3 {[%emt 0:00:03]} Nc6 {
[%emt 0:00:17]} 7. O-O {[%emt 0:00:44]} e5 {[%emt 0:00:07]} 8. dxe5 {[%emt 0:
00:30]} dxe5 {[%emt 0:00:19]} 9. Bg5 {[%emt 0:02:07]} Be6 {[%emt 0:00:26]} 10.
Qc1 {[%emt 0:01:28]} Qc8 {[%emt 0:02:15]} 11. Rd1 {[%emt 0:16:53]} Rd8 {
[%emt 0:00:50]} 12. Rxd8+ {[%emt 0:13:14]} Qxd8 {[%emt 0:03:51]} 13. Ne4 {
[%emt 0:00:05]} Bf5 {[%emt 0:09:12]} 14. Nxf6+ {[%emt 0:18:29]} Bxf6 {[%emt 0:
00:22]} 15. Bxf6 {[%emt 0:00:40]} Qxf6 {[%emt 0:00:04]} 16. Qg5 {[%emt 0:00:26]
} Kg7 {[%emt 0:12:01]} 17. Qxf6+ {[%emt 0:02:28]} Kxf6 {[%emt 0:01:00]} 18. Rd1
{[%emt 0:00:03]} Bg4 {[%emt 0:11:41]} 1/2-1/2

[Event "WLC A groep"]
[Site "Eindhoven, Netherlands"]
[Date "2019.05.25"]
[Round "4.3"]
[White "Van Dooren, Dirk"]
[Black "Baselmans, Luuk"]
[Result "1/2-1/2"]
[WhiteElo "2360"]
[BlackElo "2329"]
[PlyCount "132"]
[EventDate "2019.??.??"]

1. e4 {[%emt 0:00:03]} e6 {[%emt 0:00:12]} 2. d3 {[%emt 0:00:15]} d5 {[%emt 0:
00:15]} 3. Qe2 {[%emt 0:00:05]} Nf6 {[%emt 0:00:57]} 4. Nf3 {[%emt 0:00:14]}
Be7 {[%emt 0:00:12]} 5. g3 {[%emt 0:00:48]} c5 {[%emt 0:00:25]} 6. Bg2 {
[%emt 0:00:07]} Nc6 {[%emt 0:00:13]} 7. O-O {[%emt 0:00:17]} b5 {[%emt 0:00:57]
} 8. e5 {[%emt 0:02:18]} Nd7 {[%emt 0:00:07]} 9. c4 {[%emt 0:00:07]} bxc4 {
[%emt 0:01:23]} 10. dxc4 {[%emt 0:00:05]} Ba6 {[%emt 0:00:55]} 11. b3 {[%emt 0:
01:01]} Nb6 {[%emt 0:00:59]} 12. Rd1 {[%emt 0:00:52]} Rc8 {[%emt 0:02:46]} 13.
Na3 {[%emt 0:18:33]} Qc7 {[%emt 0:03:26]} 14. Bf4 {[%emt 0:03:33]} O-O {
[%emt 0:04:42]} 15. Qe1 {[%emt 0:10:04]} dxc4 {[%emt 0:04:48]} 16. Bf1 {
[%emt 0:03:41]} Nb4 {[%emt 0:00:43]} 17. bxc4 {[%emt 0:00:33]} Rfd8 {[%emt 0:
02:24]} 18. Qe2 {[%emt 0:01:50]} Rxd1 {[%emt 0:04:09]} 19. Rxd1 {[%emt 0:00:21]
} Rd8 {[%emt 0:00:10]} 20. Ng5 {[%emt 0:09:00]} Bxg5 {[%emt 0:04:46]} 21. Bxg5
{[%emt 0:00:07]} Rxd1 {[%emt 0:00:07]} 22. Qxd1 {[%emt 0:00:02]} h6 {[%emt 0:
00:22]} 23. Qd8+ {[%emt 0:06:21]} Qxd8 {[%emt 0:00:08]} 24. Bxd8 {[%emt 0:00:
03]} Nxa2 {[%emt 0:00:55]} 25. Be7 {[%emt 0:00:37]} Nd7 {[%emt 0:01:49]} 26.
Bg2 {[%emt 0:02:10]} Nb4 {[%emt 0:04:29]} 27. Be4 {[%emt 0:06:09]} Nxe5 {
[%emt 0:17:50]} 28. Bxc5 {[%emt 0:01:47]} Nec6 {[%emt 0:00:08]} 29. Nb5 {
[%emt 0:01:19]} f5 {[%emt 0:01:14]} 30. Bb1 {[%emt 0:01:33]} Bc8 {[%emt 0:02:
30]} 31. Nxa7 {[%emt 0:00:19]} Nxa7 {[%emt 0:00:18]} 32. Bxb4 {[%emt 0:00:05]}
Nc6 {[%emt 0:00:25]} 33. Bd6 {[%emt 0:00:23]} Ba6 {[%emt 0:01:02]} 34. Ba2 {
[%emt 0:02:57]} Kf7 {[%emt 0:00:29]} 35. c5 {[%emt 0:01:05]} Nb4 {[%emt 0:01:
17]} 36. Bb3 {[%emt 0:00:15]} Bb5 {[%emt 0:01:54]} 37. f3 {[%emt 0:01:04]} Bc6
{[%emt 0:01:17]} 38. Kf2 {[%emt 0:00:25]} Nd5 {[%emt 0:01:11]} 39. Be5 {
[%emt 0:00:33]} Bb5 {[%emt 0:01:15]} 40. g4 {[%emt 0:00:47]} Nb4 {[%emt 0:05:
58]} 41. Ke3 {[%emt 0:01:16]} g6 {[%emt 0:04:34]} 42. h4 {[%emt 0:00:44]} Bc6 {
[%emt 0:02:45]} 43. Bd1 {[%emt 0:03:09]} Bd5 {[%emt 0:01:02]} 44. Bc3 {[%emt 0:
00:36]} Nc6 {[%emt 0:00:43]} 45. Kf4 {[%emt 0:00:51]} Ba2 {[%emt 0:04:44]} 46.
h5 {[%emt 0:03:08]} e5+ {[%emt 0:03:59]} 47. Ke3 {[%emt 0:00:52]} fxg4 {
[%emt 0:01:38]} 48. fxg4 {[%emt 0:01:39]} gxh5 {[%emt 0:00:38]} 49. gxh5 {
[%emt 0:01:53]} Bd5 {[%emt 0:00:07]} 50. Kd3 {[%emt 0:00:30]} Kg7 {[%emt 0:03:
41]} 51. Ke3 {[%emt 0:00:57]} Kf6 {[%emt 0:00:18]} 52. Kd3 {[%emt 0:00:35]} Kg7
{[%emt 0:00:16]} 53. Bg4 {[%emt 0:00:19]} Kf6 {[%emt 0:00:28]} 54. Bd2 {
[%emt 0:00:13]} e4+ {[%emt 0:01:57]} 55. Kc3 {[%emt 0:00:26]} Ne5 {[%emt 0:00:
34]} 56. Be2 {[%emt 0:01:17]} Nf7 {[%emt 0:01:27]} 57. Kd4 {[%emt 0:00:40]} Bc6
{[%emt 0:00:13]} 58. Bf4 {[%emt 0:01:32]} Kf5 {[%emt 0:00:53]} 59. Bc1 {
[%emt 0:02:02]} Bb7 {[%emt 0:03:13]} 60. Bc4 {[%emt 0:02:48]} Ne5 {[%emt 0:00:
15]} 61. Bd5 {[%emt 0:00:48]} Bxd5 {[%emt 0:01:46]} 62. Kxd5 {[%emt 0:00:05]}
Nd3 {[%emt 0:00:08]} 63. c6 {[%emt 0:00:16]} Nb4+ {[%emt 0:00:05]} 64. Kd6 {
[%emt 0:00:04]} Nxc6 {[%emt 0:00:08]} 65. Kxc6 {[%emt 0:00:06]} Kg4 {[%emt 0:
00:05]} 66. Bxh6 {[%emt 0:00:04]} Kxh5 {[%emt 0:00:05]} 1/2-1/2